#VamosAContarlo (Record no. 58544)
[ view plain ]
| 000 -LEADER | |
|---|---|
| campo de control de longitud fija | 01280nam a2200289Ia 4500 |
| 008 - DATOS DE LONGITUD FIJA--INFORMACIÓN GENERAL | |
| campo de control de longitud fija | 231114s2023 sp 000 0 spa d |
| 041 ## - CÓDIGO DE IDIOMA | |
| Código de lengua del texto/banda sonora o título independiente | spa |
| 111 2# - ENTRADA PRINCIPAL--NOMBRE DE CONGRESO/REUNIÓN | |
| Nombre de congreso/reunión o jurisdicción como elemento de entrada | DIA INTERNACIONAL DE LA ELIMINACION DE LA VIOLENCIA CONTRA LA MUJER |
| Fecha del congreso o de la firma del tratado | 2023 |
| 9 (RLIN) | 41118 |
| 245 10 - MENCIÓN DEL TÍTULO | |
| Título | #VamosAContarlo |
| Resto del título | : manifiesto [del] 25N 2023 |
| Mención de responsabilidad, etc. | / Observatorio de Acoso Sexual y por Razón de Sexo |
| 260 ## - PUBLICACIÓN, DISTRIBUCIÓN, ETC. | |
| Lugar de publicación, distribución, etc. | [Madrid] : |
| Nombre del editor, distribuidor, etc. | CCOO, Observatorio de Acoso Sexual y por Razón de Sexo, |
| Fecha de publicación, distribución, etc. | [2023] |
| 300 ## - DESCRIPCIÓN FÍSICA | |
| Extensión | 4 p. ; |
| Dimensiones | 30 cm |
| 500 ## - NOTA GENERAL | |
| Nota general | Manifiesto con motivo del 25N de 2023, Día Internacional para la Eliminación de la Violencia contra las Mujeres |
| 650 #0 - PUNTO DE ACCESO ADICIONAL DE MATERIA--TÉRMINO DE MATERIA | |
| Término de materia o nombre geográfico como elemento de entrada | DIA INTERNACIONAL DE LA ELIMINACION DE LA VIOLENCIA CONTRA LA MUJER |
| 9 (RLIN) | 10927 |
| 650 #0 - PUNTO DE ACCESO ADICIONAL DE MATERIA--TÉRMINO DE MATERIA | |
| Término de materia o nombre geográfico como elemento de entrada | ACOSO SEXUAL |
| 9 (RLIN) | 1670 |
| 650 #0 - PUNTO DE ACCESO ADICIONAL DE MATERIA--TÉRMINO DE MATERIA | |
| Término de materia o nombre geográfico como elemento de entrada | MUJERES |
| 9 (RLIN) | 199 |
| 650 #0 - PUNTO DE ACCESO ADICIONAL DE MATERIA--TÉRMINO DE MATERIA | |
| Término de materia o nombre geográfico como elemento de entrada | VIOLENCIA |
| 9 (RLIN) | 2442 |
| 650 #0 - PUNTO DE ACCESO ADICIONAL DE MATERIA--TÉRMINO DE MATERIA | |
| Término de materia o nombre geográfico como elemento de entrada | VIOLENCIA EN EL TRABAJO |
| 9 (RLIN) | 12233 |
| 650 #0 - PUNTO DE ACCESO ADICIONAL DE MATERIA--TÉRMINO DE MATERIA | |
| Término de materia o nombre geográfico como elemento de entrada | DISCRIMINACION POR RAZONES DE SEXO |
| 9 (RLIN) | 201 |
| 650 #0 - PUNTO DE ACCESO ADICIONAL DE MATERIA--TÉRMINO DE MATERIA | |
| Término de materia o nombre geográfico como elemento de entrada | NIÑAS |
| 9 (RLIN) | 10227 |
| 650 #0 - PUNTO DE ACCESO ADICIONAL DE MATERIA--TÉRMINO DE MATERIA | |
| Término de materia o nombre geográfico como elemento de entrada | GUERRA |
| 9 (RLIN) | 799 |
| 650 #0 - PUNTO DE ACCESO ADICIONAL DE MATERIA--TÉRMINO DE MATERIA | |
| Término de materia o nombre geográfico como elemento de entrada | CONFLICTO ARMADO |
| 9 (RLIN) | 35605 |
| 650 #0 - PUNTO DE ACCESO ADICIONAL DE MATERIA--TÉRMINO DE MATERIA | |
| Término de materia o nombre geográfico como elemento de entrada | ACTITUD SINDICAL |
| 9 (RLIN) | 61 |
| 710 2# - ENTRADA AGREGADA--NOMBRE DE ENTIDAD CORPORATIVA | |
| Nombre de entidad corporativa o nombre de jurisdicción como elemento de entrada | CCOO |
| Unidad subordinada | Confederación Sindical |
| 9 (RLIN) | 27927 |
| 710 2# - ENTRADA AGREGADA--NOMBRE DE ENTIDAD CORPORATIVA | |
| Nombre de entidad corporativa o nombre de jurisdicción como elemento de entrada | OBSERVATORIO DE ACOSO SEXUAL Y POR RAZON DE SEXO DE COMISIONES OBRERAS |
| 9 (RLIN) | 38339 |
| 856 ## - LOCALIZACIÓN Y ACCESO ELECTRÓNICOS | |
| Nota pública | |
| Identificador Uniforme de Recursos | <a href="https://docpublicos.ccoo.es/cendoc/067192Manifiesto25N.pdf">https://docpublicos.ccoo.es/cendoc/067192Manifiesto25N.pdf</a> |
| 942 ## - ELEMENTOS DE ENTRADA SECUNDARIOS (KOHA) | |
| Tipo de ítem Koha | Documento Electrónico |
| Fuente del sistema de clasificación o colocación | Clasificación Decimal Dewey |
| Suprimir en OPAC | No |
| Estatus retirado | Estado de pérdida | Fuente del sistema de clasificación o colocación | Estado de daño | No para préstamo | Biblioteca de origen | Biblioteca actual | Fecha de adquisición | Número de inventario | Total de préstamos | Código de barras | Visto por última vez | Precio de reemplazo | Tipo de ítem Koha |
|---|---|---|---|---|---|---|---|---|---|---|---|---|---|
| Clasificación Decimal Dewey | CENDO | CENDO | 14/11/2023 | 067192 | 2023-2188 | 14/11/2023 | 14/11/2023 | Documento Electrónico |